Religion Quiz

Random Religion Quiz

1 Timothy 2:1-2 Quiz Stats

Quiz not verified by Sporcle

Challenge
Share
Tweet
Embed
Score 0/36 Timer 01:30
0 Plays Today
Hint Answer % Correct
and
100%
and
100%
and
100%
and
100%
of
25%
for
25%
1 Timothy 2:2for
25%
1 Timothy 2:1I
0%
urge
0%
then
0%
first
0%
all
0%
that
0%
requests
0%
prayers
0%
intercession
0%
thanksgiving
0%
be
0%
Hint Answer % Correct
made
0%
everyone
0%
kings
0%
all
0%
those
0%
in
0%
authority
0%
that
0%
we
0%
may
0%
live
0%
peaceful
0%
quiet
0%
lives
0%
in
0%
all
0%
godliness
0%
holiness
0%

You're not logged in!

Compare scores with friends on all Sporcle quizzes.
Join for Free
OR
Log In

You Might Also Like...

Show Comments

Extras

Top Quizzes Today


Score Distribution

Your Account Isn't Verified!

In order to create a playlist on Sporcle, you need to verify the email address you used during registration. Go to your Sporcle Settings to finish the process.

Report this User

Report this user for behavior that violates our Community Guidelines.

Details: